<?xml version="1.0" encoding="UTF-8"?>
<record
    xmlns:xsi="http://www.w3.org/2001/XMLSchema-instance"
    xsi:schemaLocation="http://www.loc.gov/MARC21/slim http://www.loc.gov/standards/marcxml/schema/MARC21slim.xsd"
    xmlns="http://www.loc.gov/MARC21/slim">

  <leader>01892nam a2200205 a 4500</leader>
  <controlfield tag="008">200311s2015    A  ||||er|||| 001 0 SPA d</controlfield>
  <datafield tag="020" ind1=" " ind2=" ">
    <subfield code="a">9789504928362</subfield>
  </datafield>
  <datafield tag="041" ind1=" " ind2=" ">
    <subfield code="a">spa</subfield>
  </datafield>
  <datafield tag="092" ind1=" " ind2=" ">
    <subfield code="c">808</subfield>
    <subfield code="l">75</subfield>
    <subfield code="s">ROL</subfield>
  </datafield>
  <datafield tag="100" ind1="1" ind2=" ">
    <subfield code="a">Rol&#xF3;n, Gabriel.</subfield>
    <subfield code="9">4130</subfield>
  </datafield>
  <datafield tag="245" ind1=" " ind2=" ">
    <subfield code="a">Encuentros. </subfield>
    <subfield code="b">El lado B del amor /</subfield>
    <subfield code="c">Gabriel Rol&#xF3;n.</subfield>
  </datafield>
  <datafield tag="250" ind1=" " ind2=" ">
    <subfield code="a">20a ed.</subfield>
  </datafield>
  <datafield tag="260" ind1=" " ind2=" ">
    <subfield code="a">Buenos Aires:</subfield>
    <subfield code="b">Planeta;</subfield>
    <subfield code="c">2015.</subfield>
  </datafield>
  <datafield tag="300" ind1=" " ind2=" ">
    <subfield code="a">288 p.</subfield>
    <subfield code="b">21x14 cm</subfield>
  </datafield>
  <datafield tag="500" ind1=" " ind2=" ">
    <subfield code="a">Rol&#xF3;n, G. (2015). Encuentros. El lado B del amor. (20a ed.). Buenos Aires : Planeta.</subfield>
  </datafield>
  <datafield tag="505" ind1=" " ind2=" ">
    <subfield code="a">"No es cierto que el amor todo lo puede. No es cierto que el que ama no puede enga&#xF1;ar. No es cierto que a la relaci&#xF3;n amorosa no haya que ponerle condiciones. No es cierto que el amor y el deseo vayan siempre de la mano. Pero decir que todo esto no es cierto no implica que sea imposible", escribe Gabriel Rol&#xF3;n en el ep&#xED;logo de su nuevo libro. Y es que, en contra de los esperable -y esperado- de un libro sobre el amor, Encuentro se mete de lleno en los pliegues de un tema tan viejo como la humanidad: los celos y el deseo, la infidelidad, la pareja y la sexualidad, las relaciones entre padres e hijos, el enamoramiento y la ilusi&#xF3;n vana de lo "eterno". As&#xED;, ese "lado B del amor" cuestiona esos lugares comunes que atraviesan el decir cotidiano y que, m&#xE1;s de una vez, nos hacen tomar decisiones equivocadas que nos precipitan hacia la angustia, el dolor y la desilusi&#xF3;n. Sin embargo, lejos de una postura c&#xED;nica o sombr&#xED;a, la siempre l&#xFA;cida y aguda mirada del autor de Historias de div&#xE1;n arroja luz y hace de Encuentros -fruto de una ida y vuelta, cara a cara, entre el autor y los lectores -un material indispensable para entender que, a pesar de las asperezas, el amor es, sin lugar a dudas, el motor m&#xE1;s importante de la vida. </subfield>
  </datafield>
  <datafield tag="590" ind1=" " ind2=" ">
    <subfield code="a">Proyecto 4to libro. Donaci&#xF3;n Pardo Paula. Marzo 2020.</subfield>
  </datafield>
  <datafield tag="655" ind1=" " ind2=" ">
    <subfield code="a">Literatura</subfield>
    <subfield code="9">2917</subfield>
  </datafield>
  <datafield tag="942" ind1=" " ind2=" ">
    <subfield code="2">ddc</subfield>
    <subfield code="c">LIT</subfield>
  </datafield>
  <datafield tag="999" ind1=" " ind2=" ">
    <subfield code="c">3088</subfield>
    <subfield code="d">3088</subfield>
  </datafield>
  <datafield tag="952" ind1=" " ind2=" ">
    <subfield code="0">0</subfield>
    <subfield code="1">0</subfield>
    <subfield code="2">ddc</subfield>
    <subfield code="4">0</subfield>
    <subfield code="7">0</subfield>
    <subfield code="a">BFM</subfield>
    <subfield code="b">BFM</subfield>
    <subfield code="c">CR</subfield>
    <subfield code="d">2020-03-11</subfield>
    <subfield code="e">Donaci&#xF3;n Pardo, Paula. marzo 2020</subfield>
    <subfield code="l">5</subfield>
    <subfield code="m">6</subfield>
    <subfield code="o">808 75 ROL</subfield>
    <subfield code="p">4639</subfield>
    <subfield code="r">2024-08-06</subfield>
    <subfield code="s">2024-07-03</subfield>
    <subfield code="t">Ej. 1</subfield>
    <subfield code="w">2020-03-11</subfield>
    <subfield code="y">LIT</subfield>
    <subfield code="z">Proyecto 4to libro. Donaci&#xF3;n Pardo, Paula. marzo 2020</subfield>
  </datafield>
</record>
